Vista normal
Vista MARC
Entrada Personal Name
Número de registros utilizados en: 1
001 - CONTROL NUMBER
- control field: 13516
003 - CONTROL NUMBER IDENTIFIER
- control field: DLC
005 - DATE AND TIME OF LATEST TRANSACTION
- control field: 20221109153051.0
008 - FIXED-LENGTH DATA ELEMENTS
- fixed length control field: 190730n| azannaabn |a aaa
010 ## - LIBRARY OF CONGRESS CONTROL NUMBER
- LC control number: n 2019044911
040 ## - CATALOGING SOURCE
- Original cataloging agency: DLC
- Language of cataloging: spa
- Description conventions: rda
- Transcribing agency: Mx-PuUPA
- Modifying agency: Mx-PuUPA
100 1# - HEADING--PERSONAL NAME
- Personal name: Fuente Arias, Jesús de la,
374 ## - OCCUPATION
- Occupation: Autor
- Occupation: Catedrático de psicología
375 ## - GENDER
- Gender: hombre
377 ## - ASSOCIATED LANGUAGE
- Language code: spa
400 1# - SEE FROM TRACING--PERSONAL NAME
- Personal name: Arias, Jesús de la Fuente
400 1# - SEE FROM TRACING--PERSONAL NAME
- Personal name: De la Fuente Arias, Jesús
400 1# - SEE FROM TRACING--PERSONAL NAME
- Personal name: La Fuente Arias, Jesús de
670 ## - SOURCE DATA FOUND
- Source citation: Tópicos recientes de investigación en psicología de la educación, 2018:
- Information found: t.p. (Jesús de la Fuente Arias)